Poesía y prosa escogida /
Salvato in:
| Autore principale: | |
|---|---|
| Altri autori: | |
| Natura: | Libro |
| Lingua: | Spanish |
| Pubblicazione: |
San José, Costa Rica :
Editorial Costa Rica,
1979.
|
| Serie: | Colección "Nuestros clásicos" ;
número 15 |
| Soggetti: | |
| Tags: |
Aggiungi Tag
Nessun Tag, puoi essere il primo ad aggiungerne!!
|
MARC
| LEADER | 00000nam a2200000 i 4500 | ||
|---|---|---|---|
| 001 | 2301851 | ||
| 005 | 20170512090103.0 | ||
| 008 | 800721s1979 cr 000 p spa d | ||
| 040 | |a DLC |c DLC |d DLC |d CRU CIICLA | ||
| 082 | 0 | 0 | |a CR861.4 |b Z49p |
| 100 | 1 | |a Zeledón Brenes, José María, |d 1877-1949 | |
| 245 | 1 | 0 | |a Poesía y prosa escogida / |c José María Zeledón ; selección y prólogo de Alfonso Chase. |
| 260 | |a San José, Costa Rica : |b Editorial Costa Rica, |c 1979. | ||
| 300 | |a 296 páginas | ||
| 490 | 0 | |a Colección "Nuestros clásicos" ; |v número 15 | |
| 650 | 1 | 4 | |9 76 |a LITERATURA COSTARRICENSE |v POESIA |
| 700 | 1 | |a Chase Brenes, Alfonso |d 1945- | |
| 942 | |2 ddc |c BK | ||
| 999 | |c 3733 |d 3733 | ||
